=LDR 00000nam 2200000 4500 =001 INLIS000000000024968 =005 20200929092612 =035 ##$$a 0010-061300000024968 =008 200929################g##########0#ind## =041 ##$$a ind =082 ##$$a 306.095 98 =090 ##$$a 306.095 98, KHA k =245 ##$$a Khasanah Budaya Nusantara VIII /$c Tim Koordinasi Siaran, Ditjen Kebudayaan =260 ##$$a Jakarta :$b Departemen Pendidikan dan Kebudayaan RI,$c 1996 =300 ##$$a iv, 224 hlm., : $b ilus. ; $c 24 x 15 cm. =650 #4$$a Budaya Indonesia =850 ##$$a NBPNMAT =084 ##$$a 306.095 98 KHA k =700 #$$a Tim Koordinasi Siaran, Ditjen Kebudayaan =990 ##$$a 125485/Hd-98 =990 ##$$a 125.486/Hd- 98